La Mythologie Egyptienne #2 (Moyen) - Statistiques

Statistiques générales
  • Ce quiz a été pris 44 fois
  • Le résultat moyen est 5 sur 10
Statistiques - réponses
Hint Réponse % Correct
Quel est le nom du dieu de la confusion et du chaos, frère et meurtrier d’Osiris ? Seth
86%
Dans la mythologie égyptienne, comment appelle-t-on l’âme vitale représentée par un oiseau à tête humaine ? Ba
78%
Quelle déesse à tête de chat est associée à la maison, la musique et la joie ? Bastet
69%
Quel est le nom du dieu créateur adoré principalement à Héliopolis ?
67%
Quel dieu à tête de bélier est associé à la fertilité et à la ville de Thèbes ? Amon
50%
Qui est la déesse du ciel, souvent représentée en train d’engloutir le soleil le soir ? Nout
36%
Quel dieu est représenté avec une tête de crocodile ? Sobek
36%
Comment se nomme la plume utilisée lors de la pesée des âmes ? Maât
25%
Comment s’appelle la déesse hippopotame protectrice des femmes enceintes ? Taouret
8%
Comment s’appelle la barque solaire que Rê utilise pour traverser le ciel et le monde souterrain ? Mandjet
0%
Aucun quiz correspondant
Distribution des résultats
% des personnes avec chaque résultat
Percentile par nombre de réponses
Votre historique - résultats
Vous n’avez pas pris ce quiz